[Event "Perth op"]
[Site "Perth"]
[Date "2023.01.07"]
[Round "9"]
[White "Arav, Jayden"]
[Black "Gupta, Aarnav"]
[Result "1-0"]
[WhiteElo "1230"]
[BlackElo "1458"]
[PlyCount "117"]
[EventDate "2023.01.02"]
[EventType "swiss"]
[EventRounds "11"]
[EventCountry "AUS"]
[SourceTitle "CBM 212 Extra"]
[Source "ChessBase"]
[SourceDate "2023.03.31"]
[SourceVersion "1"]
[SourceVersionDate "2023.03.31"]
[SourceQuality "1"]

1. e4 c6 2. d4 d5 3. exd5 cxd5 4. Bd3 Nf6 5. Nf3 Bg4 6. c3 Nbd7 7. 0-0 e6 8. h3 Bh5 9. Na3 Bxa3 10. bxa3 Rc8 11. Bb2 Qb6 12. Rb1 Ne4 13. c4 Qc6 14. cxd5 Qxd5 15. Bxe4 Qxe4 16. Re1 Qd5 17. Re3 0-0 18. Qb3 Nb6 19. Ne5 Nc4 20. Nxc4 Qxc4 21. Rg3 Bg6 22. Rc1 Qxb3 23. axb3 Rxc1+ 24. Bxc1 Rc8 25. Bd2 Kf8 26. Bb4+ Ke8 27. Rc3 Rxc3 28. Bxc3 Bd3 29. f4 Kd7 30. Kf2 Kd6 31. g3 Bc2 32. b4 Kd5 33. Ke3 Kc4 34. Bd2 f5 35. g4 b5 36. Bc1 Be4 37. g5 Kc3 38. Ke2 Kc2 39. Be3 g6 40. d5 exd5 41. Bxa7 Kc3 42. Ke3 Bg2 43. h4 Bf1 44. Bd4+ Kb3 45. Bc5 Kxa3 46. Kd4 Bg2 47. Ke5 Kb3 48. Kf6 Kc4 49. Kg7 d4 50. Kxh7 d3 51. Be3 Kxb4 52. Kxg6 Kc3 53. h5 b4 54. h6 b3 55. h7 b2 56. h8Q+ Kc2 57. Qh2 Kc3 58. Qxg2 b1Q 59. Qc6+ 1-0